000 00318 a2200157 4500
001 167329
020 _a
040 _cMagnum
100 _aPortinari, Maribel
240 1 0 _aHistoria da danca
_lpor
245 1 0 _aHistoria da danca
362 0 _a1899
440 1 _aNova Fronteira
697 _aARTES
942 _cBK
999 _c167329
_d167329